Postavenie a význam verejnej správy v regionálnom rozvoji

Podstata a význam regionálneho rozvoja. Realizácia jednotlivých obsahov programových dokumentov regionálneho rozvoja prostredníctvom finančných príspevkov, ktoré sú v najväčšej miere čerpané z Európskej únie. Samospráva a inštitúcie regionálneho rozvoja.

Guardado en:
Detalles Bibliográficos
Autor principal: Bačík, Radovan
Otros Autores: Gburová, Jaroslava
Formato: Capítulo de libro
Lenguaje:eslovaco
Materias:
Etiquetas: Agregar Etiqueta
Sin Etiquetas, Sea el primero en etiquetar este registro!

MARC

LEADER 00000nla$a2200000$$$4500
001 0132561
005 20221207081459.2
041 0 |a slo 
044 |a SK 
245 1 0 |a Postavenie a význam verejnej správy v regionálnom rozvoji  |c Radovan Bačík, Jaroslava Gburová 
520 |a Podstata a význam regionálneho rozvoja. Realizácia jednotlivých obsahov programových dokumentov regionálneho rozvoja prostredníctvom finančných príspevkov, ktoré sú v najväčšej miere čerpané z Európskej únie. Samospráva a inštitúcie regionálneho rozvoja. 
610 2 0 |a rozvoj regionálny 
610 2 0 |a konkurencieschopnosť 
610 2 0 |a zdroje finančné 
610 2 0 |a fondy štruktúrne 
610 2 0 |a samospráva 
610 2 0 |a ministerstvá 
610 2 0 |a správa verejná 
610 2 0 |a inštitúcie verejnoprávne 
100 1 |a Bačík, Radovan 
700 1 |a Gburová, Jaroslava